Statistics for Top 100 Biggest Cities in North Carolina

Click here to take the quiz!

General Stats

  • This quiz has been taken 145 times
  • The average score is 36 of 100

Answer Stats

Population City % Correct
731,424Charlotte
99%
403,892Raleigh
99%
228,330Durham
95%
269,666Greensboro
93%
229,617Winston-Salem
89%
106,476Wilmington
89%
83,393Asheville
89%
200,564Fayetteville
81%
57,233Chapel Hill
79%
135,234Cary
79%
84,554Greenville
77%
104,371High Point
72%
79,066Concord
72%
71,741Gastonia
72%
49,167Wilson
64%
17,122Boone
64%
57,477Rocky Mount
63%
40,010Hickory
63%
49,963Burlington
60%
70,145Jacksonville
56%
42,625Kannapolis
53%
29,524New Bern
53%
24,532Statesville
52%
15,368Henderson
51%
46,773Huntersville
47%
25,012Asheboro
47%
37,476Apex
45%
18,683Elizabeth City
43%
21,542Lumberton
43%
33,662Salisbury
41%
21,677Kinston
41%
13,137Hendersonville
40%
32,797Monroe
40%
36,437Goldsboro
40%
16,918Morganton
40%
27,198Matthews
40%
18,931Lexington
40%
20,323Shelby
39%
10,388Mount Airy
39%
30,117Wake Forest
39%
32,711Mooresville
39%
9,744Washington
35%
10,944Davidson
35%
18,228Lenoir
33%
15,754Roanoke Rapids
33%
8,661Morehead City
32%
23,123Kernersville
31%
25,745Garner
28%
15,527Eden
28%
9,558Rockingham
28%
10,966Smithfield
28%
15,962Laurinburg
28%
18,627Clemmons
27%
10,486Lincolnton
27%
11,415Tarboro
25%
9,263Dunn
25%
22,722Mint Hill
25%
28,094Sanford
24%
13,124Pinehurst
23%
26,757Thomasville
23%
18,576Morrisville
23%
15,903Albemarle
21%
24,661Holly Springs
21%
19,582Carrboro
21%
11,393Mebane
21%
24,866Cornelius
21%
16,116Clayton
21%
10,076Belmont
21%
17,937Fuquay-Varina
21%
12,968Newton
20%
33,518Indian Trail
20%
8,461Oxford
20%
12,334Southern Pines
19%
9,419Elon
19%
9,869Waynesville
19%
11,401Knightdale
19%
8,639Clinton
19%
14,153Graham
19%
14,520Reidsville
16%
11,415Archdale
15%
8,362Roxboro
13%
15,176Hope Mills
13%
10,296Kings Mountain
13%
8,165Conover
12%
9,269Winterville
12%
11,526Harrisburg
11%
9,859Waxhaw
11%
20,735Havelock
11%
13,656Mount Holly
11%
9,459Weddington
11%
13,527Leland
9%
10,232Summerfield
8%
11,964Spring Lake
5%
12,639Lewisville
5%
13,831Stallings
4%
13,293Piney Green
1%
8,352Half Moon
1%
8,875Myrtle Grove
0%
8,759St. Stephens
0%
14,215Murraysville
0%

Score Distribution

Percentile by Number Answered

Percent of People with Each Score

Your Score History

You have not taken this quiz